Southville International School and Colleges
Your cart is empty.
  • Cart
  • Lists
    Public lists Eva Luna New books Lux_list list_1
    Your lists Log in to create your own lists
  • Log in to your account
  • Your cookies
  • Search history
Southville International School and Colleges
  • Advanced search
  • Recent comments
  • Most popular
  • Libraries

Log in to your account

Log in with GOOGLE


If you do not have an external account, but do have a local account, you can still log in:

  1. Home
  2. MARC view: Everyday English, Mandarin Chinese and Malay conversations /
Normal view MARC view ISBD view

Everyday English, Mandarin Chinese and Malay conversations / (Record no. 25157)

[ view plain ]
MARC details
000 -LEADER
fixed length control field 00975nam a2200253 a 4500
005 - DATE AND TIME OF LATEST TRANSACTION
control field 20140310183605.0
008 - FIXED-LENGTH DATA ELEMENTS--GENERAL INFORMATION
fixed length control field 120613s19uu xx 00 eng d
020 ## - INTERNATIONAL STANDARD BOOK NUMBER
International Standard Book Number 9789810804626
050 ## - LIBRARY OF CONGRESS CALL NUMBER
Classification number PL 1455
Item number .F674 2009
100 ## - MAIN ENTRY--PERSONAL NAME
Personal name Fong, F Y
245 ## - TITLE STATEMENT
Title Everyday English, Mandarin Chinese and Malay conversations /
Statement of responsibility, etc FY Fong and Haji Muhd Arif Ahmad.
260 ## - PUBLICATION, DISTRIBUTION, ETC. (IMPRINT)
Place of publication, distribution, etc Singapore :
Name of publisher, distributor, etc Aprime Book Pub,
Date of publication, distribution, etc 2009.
300 ## - PHYSICAL DESCRIPTION
Extent 149 p. :
Dimensions 21 cm.
440 ## - SERIES STATEMENT/ADDED ENTRY--TITLE
Title Language in Use
650 ## - SUBJECT ADDED ENTRY--TOPICAL TERM
Topical term or geographic name as entry element English language
General subdivision Conversation and phrase books
-- Chinese.
650 ## - SUBJECT ADDED ENTRY--TOPICAL TERM
Topical term or geographic name as entry element English language
General subdivision Conversation and phrase books
-- Malay
650 ## - SUBJECT ADDED ENTRY--TOPICAL TERM
Topical term or geographic name as entry element Chinese language
General subdivision Conversation and phrase books
-- English
650 ## - SUBJECT ADDED ENTRY--TOPICAL TERM
Topical term or geographic name as entry element Chinese language
General subdivision Conversation and phrase books
-- Malay
650 ## - SUBJECT ADDED ENTRY--TOPICAL TERM
Topical term or geographic name as entry element Malay language
General subdivision Conversation and phrase books
-- English
650 ## - SUBJECT ADDED ENTRY--TOPICAL TERM
Topical term or geographic name as entry element Malay language
General subdivision Conversation and phrase books
-- Chinese
700 ## - ADDED ENTRY--PERSONAL NAME
Personal name Muhd Arif Ahmad, Haji
942 ## - ADDED ENTRY ELEMENTS (KOHA)
Koha item type Books
Source of classification or shelving scheme Library of Congress Classification
Holdings
Withdrawn status Lost status Source of classification or shelving scheme Damaged status Home library Current library Shelving location Date acquired Source of acquisition Cost, normal purchase price Total Checkouts Total Renewals Full call number Barcode Date last seen Date checked out Copy number Price effective from Koha item type
    Library of Congress Classification   College Library College Library Reference Section 06/13/2012   395.00 1 1 PL 1455 .F674 2009 C14693 11/29/2019 11/14/2019 1 10/18/2013 Books

Everyday English, Mandarin Chinese and Malay conversations /

APA

Fong F. Y., Muhd Arif Ahmad H., . (2009). Everyday English, Mandarin Chinese and Malay conversations. Singapore: Aprime Book Pub.

Chicago

Fong F Y, Muhd Arif Ahmad Haji, . 2009. Everyday English, Mandarin Chinese and Malay conversations. Singapore: Aprime Book Pub.

Harvard

Fong F. Y., Muhd Arif Ahmad H., . (2009). Everyday English, Mandarin Chinese and Malay conversations. Singapore: Aprime Book Pub.

MLA

Fong F Y, Muhd Arif Ahmad Haji, . Everyday English, Mandarin Chinese and Malay conversations. Singapore: Aprime Book Pub. 2009.

  • Place hold
  • Print
  • Cite
  • Add to your cart (remove)
  • Save record
    BIBTEX Dublin Core MARCXML MARC (non-Unicode/MARC-8) MARC (Unicode/UTF-8) MARC (Unicode/UTF-8, Standard) MODS (XML) RIS
  • More searches
    Search for this title in:
    Other Libraries (WorldCat) Other Databases (Google Scholar) Online Stores (Bookfinder.com) Open Library (openlibrary.org)

Exporting to Dublin Core...

SOUTHVILLE LIBRARY

Southville International School and Colleges Library

1281 Tropical Ave. Cor. Luxembourg St., BF Homes International, Las Pinas City

Tel. No. 8256374 / 252358 Loc. 117/146

Powered by Koha